00729nam a2200229 a 4500001001300000003000900013005001700022008004100039020001000080082001600090245005800106260003600164300000800200500003500208505005100243650003300294710002600327902000800353942000700361952011600368999001500484nice12345678IN_TiNIC20260116012203.0050524s1948 lona grp 000 0 eng  ac10000a297.64bMAC aHeroes and Heroines of Islam Book IIIb Osman and Ali aLondonbMacmillan and Co.c1948 a37p aincludes index and biblioraphy2 aAn altogether new interpretation of Revelation aMuhammad, Prophet-Companions2 aMacmillan and Company bSRS cBK 001040708StackRoom-aHMIbHMId2007-07-10g100.00l0o297.64 MACp06768r2007-07-10v100.00w2005-05-24yBK c5997d5997